000 00673nam a2200289Ia 4500
001 Z_4269
003 CHAP
008 220113s2001 xx 000 0 und d
010 _a167333
040 _cCHAP
082 _a636.4 H3
100 _aHarris, D L
_952850
245 _aProducción porcina multi-sitio /
_cpor D L Harris
260 _aZaragoza :
_bAcribia,
_c2001
300 _a247 p. ; ilus.
440 _a
500 _a
503 _aC/E
650 _aGanado porcino
_945328
650 _aGanado porcino
_xProducción
_945399
901 _a636.4 H3
902 _aA
910 _a2001
942 _c1
942 _cc1
999 _c167333
_d167333